| 000 | 01139cab a22002175a 4500 | ||
|---|---|---|---|
| 001 | L145557 | ||
| 008 | 081021e20080905xxk f v 000 0 eng d | ||
| 035 | _a(Sirsi) u145557 | ||
| 041 | 0 | _aeng | |
| 100 | 1 | _aRoss, Jonathan | |
| 245 | 0 | 0 | _aDon't exaggerate |
| 260 | _c2008 | ||
| 490 | 0 |
_aProperty Week _v73(36) 5 September 2008, 72(1) |
|
| 520 | _aThe case shows that the courts will penalise claimants who make exaggerated claims. Summarises the case of Business Environment Bow Lane Ltd v Deanwater Estates Ltd [2008] EWCH 2003 (TCC), 31 July 2008 (see L145543). A landlord who recovered a small part of the damages claimed for dilapidations at the end of a lease had to pay the costs of the proceedings on an indemnity basis. The court found the claim made bore no relation to the true position and that the landlord had wrongly or recklessly pursued an unsustainable claim. | ||
| 590 | _aKA | ||
| 650 | 2 | 4 | _aBUSINESS ENVIRONMENT BOW V DEANWATER ESTATES |
| 650 | 2 | 4 | _aLAW OF PROPERTY (MISCELLANEOUS PROVISIONS) ACT 1989 |
| 651 | 4 |
_aEngland and Wales _y1543- |
|
| 690 | _aPROPERTY-LANDLORD AND TENANT-DILAPIDATIONS | ||
| 942 | _n0 | ||
| 999 |
_c80871 _d80871 |
||